Países que contêm uma letra - OO+ - Statistics

Estatísticas Gerais
  • Esse quiz foi jogado 167 vezes
  • A pontuação média é 15 de 26
Estatísticas das Respostas
Categoria País % Correto
2 x O Colômbia
78%
2 x O Estados Unidos
78%
4 x O República Democrática do Congo
77%
3 x O República do Congo
77%
2 x O Polônia
74%
3 x O Coreia do Norte
71%
3 x O Kosovo
62%
2 x O Reino Unido
62%
2 x O Emirados Árabes Unidos
61%
2 x O Mongólia
61%
2 x O Sudão do Sul
60%
2 x O Togo
60%
2 x O Coreia do Sul
56%
2 x O Marrocos
56%
2 x O Comores
55%
3 x O Estados Federados da Micronésia
55%
3 x O São Cristóvão e Nevis
55%
2 x O São Tomé e Príncipe
55%
2 x O Mônaco
52%
2 x O Bósnia e Herzegovina
51%
2 x O Lesoto
51%
2 x O Montenegro
51%
2 x O Costa do Marfim
46%
2 x O Ilhas Salomão
45%
2 x O Trinidad e Tobago
45%
3 x O Macedónia do Norte
44%
Nenhum quiz correspondente encontrado
Distribuição das Pontuações
Porcentagem de Pessoas com Cada Pontuação
Percentil de Números Respondidos
Sua Pontuação Histórica
Você não jogou esse quiz